[Event "YUG-Cup 36th"]
[Site "Becici"]
[Date "1993.05.20"]
[Round "4"]
[White "Jakovljevic, Vladan"]
[Black "Blagojevic, Dragisa"]
[Result "1/2-1/2"]
[WhiteElo "2330"]
[BlackElo "2510"]
[PlyCount "72"]
[EventDate "1993.??.??"]
[EventType "team"]
[EventRounds "6"]
[EventCountry "YUG"]
[SourceTitle "EXT 2000"]
[Source "ChessBase"]
[SourceDate "1999.11.16"]
[SourceVersion "1"]
[SourceVersionDate "1999.11.16"]
[SourceQuality "1"]
[WhiteTeam "Pristina"]
[BlackTeam "Zemunsped"]
[WhiteTeamCountry "YUG"]
[BlackTeamCountry "YUG"]

1. e4 e5 2. Nf3 Nc6 3. d4 exd4 4. Nxd4 Nf6 5. Nxc6 bxc6 6. e5 Qe7 7. Qe2 Nd5 8. c4 Ba6 9. b3 Qh4 10. a3 Bc5 11. g3 Bxf2+ 12. Qxf2 Qe4+ 13. Kd2 Qxh1 14. Bg2 Qxh2 15. cxd5 cxd5 16. Bb2 Bb7 17. Qe2 Qxg3 18. Nc3 Ba6 19. Qf3 Qxf3 20. Bxf3 c6 21. Na4 0-0-0 22. Nc5 Bb7 23. Rg1 g6 24. Bg4 h5 25. Bxd7+ Kc7 26. e6 fxe6 27. Bxh8 Rxh8 28. Bxe6 h4 29. Bh3 Bc8 30. Bxc8 Kxc8 31. Rxg6 h3 32. Rxc6+ Kd8 33. Nb7+ Kd7 34. Rc1 h2 35. Rh1 Kc6 36. Nd8+ Rxd8 1/2-1/2

[Event "YUG-chT"]
[Site "Cetinje"]
[Date "1993.??.??"]
[Round "5"]
[White "Benderac, Srdjan"]
[Black "Jakovljevic, Vladan"]
[Result "1-0"]
[WhiteElo "2230"]
[BlackElo "2230"]
[PlyCount "65"]
[EventDate "1993.??.??"]
[EventType "team"]
[EventRounds "11"]
[EventCountry "YUG"]
[SourceTitle "EXT 2002"]
[Source "ChessBase"]
[SourceDate "2001.11.25"]
[SourceVersion "1"]
[SourceVersionDate "2001.11.25"]
[SourceQuality "1"]

1. e4 c5 2. Nf3 d6 3. c3 Nf6 4. Bd3 g6 5. h3 Bg7 6. Bc2 Nc6 7. 0-0 0-0 8. Re1 e5 9. d3 d5 10. Nbd2 h6 11. Qe2 Re8 12. a4 b6 13. Nh2 Be6 14. Ndf1 Qd7 15. Qf3 Nh7 16. Ng4 h5 17. Nh6+ Kh8 18. g4 dxe4 19. dxe4 Bxh6 20. Bxh6 hxg4 21. hxg4 Bxg4 22. Qg3 Be6 23. Ne3 Rg8 24. Rad1 Qe8 25. Nd5 Rc8 26. Kg2 f5 27. Rh1 Bxd5 28. Rxd5 Rd8 29. Qh2 Qe7 30. Kf1 g5 31. Rxd8 Nxd8 32. exf5 Nf7 33. Bf8 1-0

[Event "YUG-chT"]
[Site "Cetinje"]
[Date "1993.??.??"]
[Round "2"]
[White "Brenjo, Slavisa"]
[Black "Jakovljevic, Vladan"]
[Result "1-0"]
[WhiteElo "2425"]
[BlackElo "2230"]
[PlyCount "69"]
[EventDate "1993.??.??"]
[EventType "team"]
[EventRounds "11"]
[EventCountry "YUG"]
[SourceTitle "EXT 2002"]
[Source "ChessBase"]
[SourceDate "2001.11.25"]
[SourceVersion "1"]
[SourceVersionDate "2001.11.25"]
[SourceQuality "1"]

1. e4 c5 2. Nf3 d6 3. d4 cxd4 4. Nxd4 Nf6 5. Nc3 a6 6. Bc4 e6 7. 0-0 b5 8. Bb3 Be7 9. Qf3 Qc7 10. Qg3 0-0 11. Bh6 Ne8 12. Rad1 Kh8 13. Bg5 Bxg5 14. Qxg5 Qc5 15. Qg3 Nc6 16. Nxc6 Qxc6 17. Rfe1 Bb7 18. Rd2 b4 19. Na4 Rd8 20. f3 Nc7 21. Qf2 f5 22. exf5 Rxf5 23. Qb6 d5 24. Qxb4 Rdf8 25. Qb6 g6 26. Qxc6 Bxc6 27. Nc5 R5f6 28. c4 Kg7 29. cxd5 exd5 30. Rde2 R8f7 31. a4 a5 32. h3 Rd6 33. Rd2 Rf8 34. Kf2 Rfd8 35. Re7+ 1-0

[Event "YUG-chT"]
[Site "Cetinje"]
[Date "1993.??.??"]
[Round "?"]
[White "Jakovljevic, Vladan"]
[Black "Jesic, Dusan"]
[Result "0-1"]
[WhiteElo "2230"]
[BlackElo "2340"]
[PlyCount "104"]
[EventDate "1993.??.??"]
[EventType "team"]
[EventRounds "11"]
[EventCountry "YUG"]
[SourceTitle "EXT 2002"]
[Source "ChessBase"]
[SourceDate "2001.11.25"]
[SourceVersion "1"]
[SourceVersionDate "2001.11.25"]
[SourceQuality "1"]

1. Nf3 Nf6 2. c4 g6 3. d4 Bg7 4. g3 0-0 5. Bg2 d6 6. 0-0 c6 7. Nc3 Qa5 8. h3 Nbd7 9. e4 e5 10. d5 cxd5 11. cxd5 Nc5 12. Bd2 Qb6 13. Qc2 Bd7 14. Be3 Rfc8 15. Nd2 a5 16. Rfc1 Qd8 17. a4 Ne8 18. Nc4 Rab8 19. Qd1 b6 20. Na3 Nxa4 21. Nxa4 Rxc1 22. Rxc1 b5 23. Nb6 Rxb6 24. Bxb6 Qxb6 25. Qd2 Bf6 26. Bf1 Kg7 27. Qe3 Qb8 28. Kg2 h6 29. Qb3 b4 30. Nc4 Bg5 31. Rc2 a4 32. Qd3 f5 33. f3 fxe4 34. fxe4 Bd8 35. Nd2 Bb6 36. Be2 b3 37. Rc1 Bd4 38. Nc4 Bb5 39. Qd2 Nf6 40. Bd3 g5 41. Qe2 Be8 42. Na5 Bc5 43. Rf1 Bg6 44. Qf3 Qf8 45. Nc6 Bb6 46. g4 Bc5 47. Kg3 Bxe4 48. Qd1 Bxd5 49. Na5 Be3 50. h4 Bf4+ 51. Kh3 Qa8 52. Rxf4 gxf4 0-1

[Event "YUG-chT"]
[Site "Cetinje"]
[Date "1993.??.??"]
[Round "1"]
[White "Jakovljevic, Vladan"]
[Black "Markovic, Miroslav"]
[Result "0-1"]
[WhiteElo "2230"]
[BlackElo "2505"]
[PlyCount "60"]
[EventDate "1993.??.??"]
[EventType "team"]
[EventRounds "11"]
[EventCountry "YUG"]
[SourceTitle "EXT 2002"]
[Source "ChessBase"]
[SourceDate "2001.11.25"]
[SourceVersion "1"]
[SourceVersionDate "2001.11.25"]
[SourceQuality "1"]

1. Nf3 Nf6 2. c4 d6 3. d4 Bg4 4. Nbd2 g6 5. g3 Bg7 6. Bg2 0-0 7. h3 Bf5 8. Nh4 Bc8 9. e4 Nbd7 10. 0-0 e5 11. dxe5 dxe5 12. b3 Re8 13. Ba3 Bf8 14. Bxf8 Nxf8 15. Qc2 Ne6 16. Rad1 Qe7 17. Nhf3 c5 18. Qb2 Nd4 19. Nxd4 cxd4 20. Qc2 b6 21. Qb2 Bb7 22. b4 Rac8 23. Rc1 Ba8 24. Rfe1 Red8 25. Bf1 h5 26. Bd3 h4 27. g4 Nh7 28. f3 Ng5 29. Kg2 Qf6 30. Be2 d3 0-1